000 00247cam a22000977a 4500
008 180718b1986 xxu||||| |||| 00| 0 eng d
082 _aK22 In2je
245 _aJob evaluation
260 _aGeneva
_bInternational Labour Office
_c1986
300 _a202+p.
999 _c499751
_d499751